Statistics for Fictional Characters from Great Britain

Click here to take the quiz!

General Stats

  • This quiz has been taken 26,304 times
  • The average score is 15 of 22

Answer Stats

Hint Character % Correct
He stole from the rich and
gave to the poor
Robin Hood
95%
Girl who went to WonderlandAlice
95%
Supersleuth of Baker StreetSherlock Holmes
94%
Suave super spy and functional alcoholicJames Bond
92%
Pulled a sword from a stoneKing Arthur
90%
Wanted a dalmatian fur coatCruella de Vil
89%
Wizarding prodigy of Little WhingingHarry Potter
89%
Flying nannyMary Poppins
89%
Sexy tomb raiderLara Croft
86%
Orphan who asked for more gruelOliver Twist
84%
Girl who Peter Pan took to NeverlandWendy Darling
78%
"Bah, humbug"Ebenezer Scrooge
78%
Immigrant bear from PeruPaddington Bear
70%
Cat with a perpetual grinCheshire Cat
69%
Traveled to LilliputLemuel Gulliver
64%
Hapless hotel owner
portrayed by John Cleese
Basil Fawlty
54%
Wooster's personal gentlemanJeeves
43%
Londoner who went
around the world in 80 days
Phileas Fogg
40%
Historical personage
whose sidekick was Baldrick
Edmund Blackadder
39%
"Pride and Prejudice" protagonistElizabeth Bennet
37%
Jilted bride of "Great Expectations"
who never removed her wedding dress
Miss Havisham
26%
Downton Abbey lordLord Grantham
22%

Score Distribution

Percentile by Number Answered

Percent of People with Each Score

Your Score History

You have not taken this quiz